Dobby the House Elf - Harry Potter Quiz - Statistics

General Stats
  • This quiz has been taken 22 times
  • The average score is 8 of 15
Answer Stats
Question Answer % Correct
What is Dobby's favourite type of clothing? Socks
100%
Where does Dobby get the gillyweed for Harry in the second Triwizard Task? He stole it from Snape's private stores
83%
In Deathly Hallows, how does Dobby know Harry needs him in the cellar at Malfoy Manor? Aberforth Dumbledore sent him
72%
How much does Dobby get paid working at Hogwarts? One galleon per week
72%
In how many ways does Dobby attempt to stop Harry getting to school for his second year? 3
67%
What are Dobby's last words Harry Potter
67%
What is Dumbledore's first offer for Dobby's wage? Ten galleons per week and weekends off
61%
In Order of the Phoenix, Dobby decorates the Room of Requirement, what does he put on the Christmas baubles? Have a very Harry Christmas
56%
What does Dumbledore say Dobby is free to call him, if he wished? A Barmy old Codger
50%
What does Dobby use the Room of Requirement for? Hiding Winky's butterbeer bottles
50%
What is the dessert Dobby Drops on Mrs. Mason? Whipped cream and sugared violets
44%
Why did Dobby have to iron his hands on September first, 1992? Because he let his master's dinner burn.
39%
What does Harry think Dobby's nose is shaped like? A pencil
22%
Where does Harry first see Dobby? In the Dursley's back garden
22%
How does Dobby say he'll punish himself if he fails to sufficiently inform Harry of Malfoy's schedule in Half-Blood Prince? Throwing himself in a fireplace
17%
No matching quizzes found
Score Distribution
Percent of People with Each Score
Percentile by Number Answered
Your Score History
You have not taken this quiz